| 000 | 00652nam a2200193 4500 | ||
|---|---|---|---|
| 001 | 137745 | ||
| 003 | ES-MaACL | ||
| 005 | 20250716063304.0 | ||
| 007 | t| | ||
| 008 | 070214q1902 sp r ||||1| spa d | ||
| 100 | 1 |
_aFénelon, François de Salignac de La Mothe, _d1651-1715 _949246 |
|
| 245 | 1 | 0 |
_aAventuras de Telémaco / _cpor Monseñor Francisco de Salignac de la Mothe, Fenelón; traducción de A. B. Rodríguez. |
| 250 | _a3ª ed. | ||
| 260 |
_aBurgos : _bSantiago Rodríguez, _c[19__?] |
||
| 300 |
_a268 p. : _bil. ; _c22 x 13 cm. |
||
| 700 | 1 |
_aRodríguez, A. B. _998200 |
|
| 852 |
_aES-MaACL _jF-4665 |
||
| 999 |
_c137745 _d137745 |
||